[Event "Ïåðâåíñòâî Ìîñêâû ïî øàõìàòàì"]
[Site "Ìîñêâà, ÌÃÈÌÎ ïð. Âåðíàäñêîãî,"]
[Date "2018.11.19"]
[Round "2.7"]
[White "Nikitin, Stepan"]
[Black "Ivannikov, Maxim"]
[Result "1/2-1/2"]
[WhiteElo "1190"]
[BlackElo "1291"]
[PlyCount "95"]
[EventDate "2018.11.18"]

1. e4 e5 2. Nf3 Nc6 3. Bb5 f5 4. d3 Nf6 5. O-O d6 6. exf5 Bxf5 7. d4 Nd7 8. d5
Nb4 9. Na3 a6 10. Ba4 Be7 11. c3 Nd3 12. Bc2 e4 13. Nd4 O-O 14. Bxd3 exd3 15.
Nxf5 Rxf5 16. Qxd3 Qf8 17. Be3 Ne5 18. Qe4 Re8 19. Nc4 Bd8 20. Nxe5 Rexe5 21.
Qb4 Rxd5 22. c4 Rde5 23. Qxb7 a5 24. Qb3 Qe7 25. c5+ d5 26. Rfe1 Kh8 27. Qc3
Qh4 28. Bd4 Bf6 29. g3 Rxe1+ 30. Rxe1 Qh5 31. Bxf6 Rxf6 32. Qe3 Qf5 33. Kh1 h6
34. f4 Qc2 35. Qc1 Qa4 36. a3 Qc6 37. Kg1 Re6 38. b4 axb4 39. axb4 Qe8 40. Kf2
Rxe1 41. Qxe1 Qa4 42. Qd2 c6 43. f5 Kh7 44. h4 Qa1 45. g4 Qf6 46. Kg3 Qe5+ 47.
Qf4 Qc3+ 48. Kf2 1/2-1/2

[Event "Ïåðâåíñòâî Ìîñêâû ïî øàõìàòàì"]
[Site "Ìîñêâà, ÌÃÈÌÎ ïð. Âåðíàäñêîãî,"]
[Date "2018.11.19"]
[Round "2.8"]
[White "Morozov, Nikolay"]
[Black "Nevskyi, Mikhail"]
[Result "0-1"]
[WhiteElo "1128"]
[BlackElo "1528"]
[PlyCount "58"]
[EventDate "2018.11.18"]

1. e4 e5 2. Nf3 d5 3. exd5 e4 4. Qe2 Nf6 5. Nc3 Be7 6. Nxe4 O-O 7. g3 Re8 8.
Bg2 Nxe4 9. Qxe4 Bf6 10. d3 Bf5 11. Qxe8+ Qxe8+ 12. Be3 Qb5 13. Rb1 Nd7 14. O-O
Qa4 15. Rfc1 Nb6 16. d6 cxd6 17. a3 Rc8 18. Ne1 h6 19. Bxb7 Rb8 20. Bg2 Be6 21.
Nf3 Nd5 22. d4 Nxe3 23. fxe3 Ba2 24. b3 Qxa3 25. Ra1 a5 26. Rcb1 a4 27. b4
Qxe3+ 28. Kh1 Bxb1 29. Rxb1 a3 0-1

[Event "Ïåðâåíñòâî Ìîñêâû ïî øàõìàòàì"]
[Site "Ìîñêâà, ÌÃÈÌÎ ïð. Âåðíàäñêîãî,"]
[Date "2018.11.19"]
[Round "2.10"]
[White "Uskov, Artyom"]
[Black "Rusakov, Makar"]
[Result "1/2-1/2"]
[WhiteElo "1366"]
[BlackElo "1156"]
[PlyCount "84"]
[EventDate "2018.11.18"]

1. f4 Nf6 2. Nf3 g6 3. g3 Bg7 4. Bg2 O-O 5. O-O c5 6. d3 Nc6 7. e4 d6 8. c3 Bg4
9. h3 Bd7 10. Na3 a6 11. Nc2 Rc8 12. Re1 e5 13. fxe5 dxe5 14. Ne3 Be6 15. Ng5
Qd7 16. Nxe6 Qxe6 17. Nd5 Rfd8 18. Bg5 h6 19. Bxf6 Bxf6 20. Kh2 Bg7 21. Qc2 Ne7
22. Nxe7+ Qxe7 23. Rad1 Rc6 24. Re3 Rcd6 25. Qb3 Qd7 26. Rf3 Kf8 27. Bf1 b5 28.
Qa3 Qc7 29. Be2 Kg8 30. Rdf1 f6 31. R3f2 Kh7 32. Qb3 Qc6 33. a3 Rc8 34. h4 c4
35. dxc4 bxc4 36. Qb4 Rd7 37. a4 Qxe4 38. Bf3 Qd3 39. Bg4 f5 40. Rxf5 Qc2+ 41.
R5f2 Rd2 42. Qb6 Rf8 1/2-1/2

[Event "Ïåðâåíñòâî Ìîñêâû ïî øàõìàòàì"]
[Site "Ìîñêâà, ÌÃÈÌÎ ïð. Âåðíàäñêîãî,"]
[Date "2018.11.19"]
[Round "2.14"]
[White "Dianin, Georgyi"]
[Black "Abdeev, Lev"]
[Result "1-0"]
[WhiteElo "1060"]
[BlackElo "1181"]
[PlyCount "57"]
[EventDate "2018.11.18"]

1. e4 e5 2. Nf3 Nc6 3. d4 exd4 4. Nxd4 Nf6 5. Nxc6 bxc6 6. Bd3 Bc5 7. O-O O-O
8. Bg5 Be7 9. e5 Nd5 10. Bxe7 Qxe7 11. Re1 Re8 12. Nc3 Bb7 13. Nxd5 cxd5 14.
Qd2 Qc5 15. Qf4 Qe7 16. Re3 Bc8 17. Rae1 Qf8 18. Bxh7+ Kxh7 19. Qf5+ g6 20.
Rh3+ Kg8 21. Qg5 d6 22. Rh4 dxe5 23. Rxe5 Rxe5 24. Qxe5 f6 25. Qxd5+ Be6 26.
Qxe6+ Kg7 27. Qd7+ Qf7 28. Rh7+ Kxh7 29. Qxf7+ 1-0

[Event "Ïåðâåíñòâî Ìîñêâû ïî øàõìàòàì"]
[Site "Ìîñêâà, ÌÃÈÌÎ ïð. Âåðíàäñêîãî,"]
[Date "2018.11.19"]
[Round "2.15"]
[White "Motruk, Denis"]
[Black "Makarenko, Kirill"]
[Result "1/2-1/2"]
[WhiteElo "1309"]
[BlackElo "1060"]
[PlyCount "121"]
[EventDate "2018.11.18"]

1. e4 d6 2. d4 Nf6 3. Nc3 Nbd7 4. Be3 e5 5. Bc4 Be7 6. h3 O-O 7. Nge2 c6 8. a3
b5 9. Bb3 a6 10. O-O Bb7 11. f3 exd4 12. Nxd4 c5 13. Nf5 Ne5 14. f4 Ng6 15. Bd5
Bxd5 16. exd5 Re8 17. g4 Bf8 18. Re1 Ne4 19. Nxe4 Rxe4 20. Qf3 Re8 21. Re2 Nh4
22. Nxh4 Qxh4 23. g5 g6 24. Rg2 Qh5 25. Rg4 Bg7 26. c3 f5 27. Re1 Re7 28. Qg3
Rae8 29. Kf2 fxg4 30. hxg4 Rxe3 31. Rxe3 Rxe3 32. Qxe3 Qxg4 33. Qe8+ Bf8 34.
Qe3 Qf5 35. Kg3 Qxd5 36. b4 cxb4 37. cxb4 Kf7 38. Qa7+ Be7 39. Qxa6 Qd3+ 40.
Kf2 Qc2+ 41. Kg3 Qa4 42. Qc6 Qxa3+ 43. Kg4 Qxb4 44. Qd5+ Kg7 45. Qe6 Kf8 46.
Qc8+ Kg7 47. Qe6 d5 48. Qe5+ Kf8 49. Qh8+ Kf7 50. Qxh7+ Ke6 51. Qxg6+ Kd7 52.
Qf5+ Kc6 53. Qc8+ Kb6 54. Qb8+ Kc5 55. Qc7+ Kd4 56. Qe5+ Kc4 57. Qe2+ Kc3 58.
Qe1+ Kb3 59. Qb1+ Ka4 60. Qd1+ Qb3 61. Qd4+ 1/2-1/2

[Event "Ïåðâåíñòâî Ìîñêâû ïî øàõìàòàì"]
[Site "Ìîñêâà, ÌÃÈÌÎ ïð. Âåðíàäñêîãî,"]
[Date "2018.11.19"]
[Round "2.16"]
[White "Frolov, Maxim"]
[Black "Chekanov, Timur"]
[Result "1-0"]
[WhiteElo "1218"]
[BlackElo "1204"]
[PlyCount "160"]
[EventDate "2018.11.18"]

1. d4 d5 2. c4 e6 3. Nc3 Nf6 4. Bg5 Nbd7 5. e3 c6 6. Nf3 Qa5 7. Bd3 Bb4 8. Qc2
Ne4 9. cxd5 cxd5 10. Rc1 Qxa2 11. Bxe4 dxe4 12. Nd2 Bxc3 13. Qxc3 O-O 14. Nxe4
Qd5 15. f3 f6 16. Bf4 Nb6 17. O-O Bd7 18. Qb4 Bc6 19. Nc5 e5 20. dxe5 fxe5 21.
e4 Qd6 22. Be3 Rf6 23. Rfd1 Qe7 24. Qb3+ Qf7 25. Qxf7+ Kxf7 26. b3 h6 27. Bf2
Re8 28. Ra1 Nc8 29. Nd3 a6 30. Nb4 Re7 31. Nd5 Bxd5 32. Rxd5 Nd6 33. Bc5 Ree6
34. Bxd6 Rxd6 35. Rxe5 Rb6 36. Rb1 Rb4 37. Rc5 Rfb6 38. Rc3 a5 39. Ra1 R6b5 40.
Ra4 Rxb3 41. Rxb3 Rxb3 42. Rxa5 b5 43. Kf2 b4 44. Ra2 Rb1 45. Ke3 b3 46. Rd2 b2
47. Kd4 Rh1 48. Rxb2 Rxh2 49. Kd5 Rh1 50. Rd2 Re1 51. Kd6 Kf6 52. f4 Ra1 53.
Re2 Ra6+ 54. Kc7 Ra7+ 55. Kb6 Re7 56. Kc6 g5 57. g3 gxf4 58. gxf4 h5 59. Kd6
Re6+ 60. Kd5 Ra6 61. Kd4 Ra4+ 62. Ke3 Ra3+ 63. Kf2 Ra4 64. Kg3 Ra3+ 65. Kh4 Rf3
66. f5 Rf4+ 67. Kxh5 Ke5 68. Kg5 Rf1 69. Kg6 Rg1+ 70. Kf7 Rf1 71. Ke7 Rf3 72.
Re1 Rf4 73. Re2 Rf3 74. Ra2 Kxe4 75. f6 Rb3 76. f7 Rb7+ 77. Kf8 Rb5 78. Kg7
Rg5+ 79. Kf6 Rf5+ 80. Ke6 Rf1 1-0

[Event "Ïåðâåíñòâî Ìîñêâû ïî øàõìàòàì"]
[Site "Ìîñêâà, ÌÃÈÌÎ ïð. Âåðíàäñêîãî,"]
[Date "2018.11.19"]
[Round "2.17"]
[White "Mel'nikov, Âëàäèìèð."]
[Black "Markoziya, Georgyi"]
[Result "1-0"]
[WhiteElo "1097"]
[BlackElo "1100"]
[PlyCount "98"]
[EventDate "2018.11.18"]

1. e4 c5 2. Nf3 e6 3. d4 cxd4 4. Nxd4 a6 5. Nc3 Qc7 6. Be3 Nf6 7. Bd3 Bb4 8.
Qd2 O-O 9. O-O Ng4 10. Bf4 Bxc3 11. bxc3 e5 12. Bg3 d6 13. Nf5 Nf6 14. Nxg7
Kxg7 15. Qg5+ Kh8 16. Qxf6+ Kg8 17. Bh4 Nd7 18. Qf3 f6 19. Rae1 Rf7 20. Qh5 Rg7
21. Qe8+ Nf8 22. Bxf6 Rg6 23. Be7 Bh3 24. Bc4+ Kh8 25. Qxa8 Qxe7 26. g3 Bxf1
27. Rxf1 Kg7 28. f4 exf4 29. Rxf4 Rf6 30. Rxf6 Kxf6 31. Bd5 Ne6 32. Qxb7 Qxb7
33. Bxb7 a5 34. Kf2 Nc5 35. Bc6 Kg5 36. Kf3 Ne6 37. h4+ Kf6 38. Bd5 Nc7 39. c4
Na6 40. a3 Nc5 41. g4 Nd7 42. Kf4 h6 43. g5+ hxg5+ 44. hxg5+ Kg6 45. Be6 Nc5
46. Bf5+ Kf7 47. e5 dxe5+ 48. Kxe5 Nb7 49. g6+ Kg7 1-0

[Event "Ïåðâåíñòâî Ìîñêâû ïî øàõìàòàì"]
[Site "Ìîñêâà, ÌÃÈÌÎ ïð. Âåðíàäñêîãî,"]
[Date "2018.11.19"]
[Round "2.18"]
[White "Artel'nykh, Leonid"]
[Black "Kovaler, Filipp"]
[Result "1-0"]
[WhiteElo "1354"]
[BlackElo "1182"]
[PlyCount "127"]
[EventDate "2018.11.18"]

1. d4 c6 2. c4 d5 3. Nc3 Nf6 4. Nf3 Bf5 5. Nh4 Bg6 6. Nxg6 hxg6 7. cxd5 cxd5 8.
Qb3 Qb6 9. Nxd5 Nxd5 10. Qxd5 e6 11. Qc4 Bb4+ 12. Kd1 O-O 13. e3 Rd8 14. Qb5
Qxb5 15. Bxb5 e5 16. a3 Be7 17. Kc2 exd4 18. exd4 Rxd4 19. Re1 Kf8 20. Be3 Rd8
21. Rad1 Rc8+ 22. Kb1 Nc6 23. Rd7 a6 24. Ba4 b5 25. Bb3 Rd8 26. Rc7 Rdc8 27.
Rxc8+ Rxc8 28. Rc1 Bf6 29. Bd5 Ne7 30. Rxc8+ Nxc8 31. Bb7 Nd6 32. Bc5 Be7 33.
Bxa6 Ne4 34. Bxe7+ Kxe7 35. Bxb5 Nxf2 36. a4 Kd6 37. Bc4 f6 38. h3 Ne4 39. Bd3
Nc5 40. Bc2 g5 41. b4 Nd7 42. a5 Nb8 43. b5 Kc5 44. Bd3 Nd7 45. Kc2 Ne5 46. b6
Nd7 47. b7 Kc6 48. a6 Kb6 49. Kd2 Ka7 50. Ke3 Ne5 51. Bf1 g6 52. Kd4 Kb8 53.
Kd5 g4 54. h4 g3 55. Kd6 Ng4 56. a7+ Kxb7 57. Be2 Ne3 58. Ke6 Kxa7 59. Bf3 Nf5
60. h5 Nh4 61. h6 Nxf3 62. Kxf6 Nh4 63. h7 Nxg2 64. h8=Q 1-0

[Event "Ïåðâåíñòâî Ìîñêâû ïî øàõìàòàì"]
[Site "Ìîñêâà, ÌÃÈÌÎ ïð. Âåðíàäñêîãî,"]
[Date "2018.11.19"]
[Round "2.19"]
[White "Selivanov, Alexandr"]
[Black "Lebedev, Andrey"]
[Result "0-1"]
[WhiteElo "1176"]
[BlackElo "1264"]
[PlyCount "78"]
[EventDate "2018.11.18"]

1. e4 d5 2. exd5 Nf6 3. d4 Nxd5 4. Nf3 Bg4 5. Bc4 e6 6. O-O Be7 7. Bxd5 exd5 8.
Re1 O-O 9. h3 Bh5 10. Nc3 Nc6 11. Bf4 Bb4 12. a3 Bxc3 13. bxc3 Rc8 14. Rb1 b6
15. g4 Bg6 16. Qd2 Be4 17. Ng5 h6 18. Nxe4 dxe4 19. Rxe4 Qd5 20. Rbe1 f5 21.
gxf5 Qxf5 22. Kh2 Na5 23. d5 Nb7 24. Bg3 Nd6 25. Rg4 Kh8 26. Qd4 Qf6 27. Qxf6
Rxf6 28. Re7 Nf5 29. Be5 Nxe7 30. Bxf6 gxf6 31. c4 f5 32. Rg1 Kh7 33. h4 Re8
34. h5 Nc8 35. Rg6 Nd6 36. Kg2 Rg8 37. Rxg8 Kxg8 38. Kf3 Kf7 39. Kf4 Kf6 0-1

[Event "Ïåðâåíñòâî Ìîñêâû ïî øàõìàòàì"]
[Site "Ìîñêâà, ÌÃÈÌÎ ïð. Âåðíàäñêîãî,"]
[Date "2018.11.19"]
[Round "2.20"]
[White "Korovko, Yakov"]
[Black "Rozhkov, Maxim"]
[Result "1-0"]
[WhiteElo "1125"]
[BlackElo "1154"]
[PlyCount "83"]
[EventDate "2018.11.18"]

1. e4 c5 2. c4 e5 3. Nc3 Nf6 4. g3 d6 5. Bg2 Be6 6. d3 Nc6 7. Nge2 Be7 8. O-O
Qd7 9. Nd5 O-O 10. a3 h6 11. Rb1 Bh3 12. b4 Nxd5 13. cxd5 Nd4 14. Nxd4 cxd4 15.
Qh5 Bxg2 16. Kxg2 Rfc8 17. Bb2 Qb5 18. Qe2 f5 19. Qd2 f4 20. f3 Qa4 21. Rbc1
Rxc1 22. Qxc1 fxg3 23. hxg3 Qb3 24. Qd2 Rc8 25. Rc1 Rxc1 26. Bxc1 b5 27. f4 a6
28. Kf3 Kf7 29. Ke2 g5 30. f5 Kf8 31. Kf3 Bd8 32. Kg4 a5 33. bxa5 Bxa5 34. Qe2
Qb1 35. Qh2 Kg7 36. f6+ Kxf6 37. Qxh6+ Kf7 38. Qe6+ Kg7 39. Qe7+ Kg8 40. Bxg5
Qd1+ 41. Kf5 Qh5 42. g4 1-0

[Event "Ïåðâåíñòâî Ìîñêâû ïî øàõìàòàì"]
[Site "Ìîñêâà, ÌÃÈÌÎ ïð. Âåðíàäñêîãî,"]
[Date "2018.11.19"]
[Round "2.21"]
[White "Min'ko, Alexandr"]
[Black "Smirnov, Vsevolod"]
[Result "1/2-1/2"]
[WhiteElo "1213"]
[BlackElo "1244"]
[PlyCount "95"]
[EventDate "2018.11.18"]

1. e4 c5 2. Nf3 g6 3. d4 cxd4 4. Nxd4 Bg7 5. c4 Nc6 6. Be3 Nf6 7. Nc3 a6 8. Be2
d6 9. O-O Bd7 10. Qd2 Qc7 11. Rac1 Qd8 12. f3 Rc8 13. Nd5 Nxd5 14. cxd5 Nxd4
15. Bxd4 Bxd4+ 16. Qxd4 O-O 17. Qe3 Qa5 18. Rxc8 Rxc8 19. Rc1 Rc5 20. Rc3 Rxc3
21. Qxc3 Qb6+ 22. Kf1 Bb5 23. Bxb5 Qxb5+ 24. Kf2 Qd7 25. Ke3 Qd8 26. Qb4 Qc7
27. Qc3 Qxc3+ 28. bxc3 Kf8 29. Kd4 b6 30. f4 f6 31. g4 h6 32. h4 Ke8 33. g5
fxg5 34. hxg5 hxg5 35. fxg5 Kd7 36. e5 dxe5+ 37. Kxe5 b5 38. a3 a5 39. Kd4 Kd6
40. Ke4 e6 41. dxe6 Kxe6 42. Kd4 Kd6 43. c4 b4 44. axb4 axb4 45. c5+ Kc6 46.
Kc4 b3 47. Kxb3 Kxc5 48. Kc3 1/2-1/2

[Event "Ïåðâåíñòâî Ìîñêâû ïî øàõìàòàì"]
[Site "Ìîñêâà, ÌÃÈÌÎ ïð. Âåðíàäñêîãî,"]
[Date "2018.11.19"]
[Round "2.22"]
[White "Bachaliashvilli, Eduard"]
[Black "Saulin, Grigoryi"]
[Result "1-0"]
[WhiteElo "1253"]
[BlackElo "1056"]
[PlyCount "157"]
[EventDate "2018.11.18"]

1. e4 e5 2. Nc3 Nc6 3. g3 Nf6 4. Bg2 Be7 5. Nge2 O-O 6. O-O d6 7. h3 Be6 8. d3
Qd7 9. Kh2 Rad8 10. f4 g6 11. Rf2 d5 12. fxe5 Nxe5 13. Rf4 g5 14. Rf1 d4 15.
Nb1 g4 16. h4 Nf3+ 17. Kh1 Bd6 18. Nf4 Bxf4 19. Bxf4 Nh5 20. Bxf3 Nxf4 21. gxf4
gxf3 22. Qxf3 Bg4 23. Rg1 h5 24. f5 Kh7 25. Qf4 Rg8 26. Nd2 f6 27. Rg3 Qc6 28.
Rc1 Qd7 29. Nf1 Qg7 30. Kh2 Rde8 31. Nd2 Qd7 32. Nb3 b6 33. Rcg1 Re7 34. Qf2 c5
35. Qf4 Qa4 36. a3 Qc6 37. Nd2 Qa4 38. Rc1 Qb5 39. Nc4 Qe8 40. Qd6 Qf8 41. Rf1
b5 42. Na5 Rxe4 43. Qxf8 Re2+ 44. Rg2 Rxg2+ 45. Kxg2 Rxf8 46. Nb3 Rc8 47. Re1
Rc7 48. Rf1 Rg7 49. Kh2 Rc7 50. Nd2 Re7 51. Ne4 Kg7 52. Rf2 c4 53. Nc5 Re5 54.
Ne6+ Kf7 55. Nxd4 Rd5 56. Rf4 a6 57. dxc4 bxc4 58. c3 a5 59. a4 Ke8 60. Re4+
Kf7 61. Kg3 Bxf5 62. Nxf5 Rxf5 63. Rxc4 Rd5 64. b4 Rd3+ 65. Kg2 Rd5 66. Rc5
Rxc5 67. bxc5 Ke7 68. Kf3 Ke6 69. Ke4 f5+ 70. Kf4 Kd5 71. Kxf5 Kxc5 72. Kg5 Kc4
73. Kxh5 Kxc3 74. Kg6 Kb4 75. h5 Kxa4 76. h6 Kb3 77. h7 a4 78. h8=Q a3 79. Qa1
1-0

[Event "Ïåðâåíñòâî Ìîñêâû ïî øàõìàòàì"]
[Site "Ìîñêâà, ÌÃÈÌÎ ïð. Âåðíàäñêîãî,"]
[Date "2018.11.19"]
[Round "2.23"]
[White "Titkov, Svyatoslav"]
[Black "Khlypovka, Stepan"]
[Result "0-1"]
[WhiteElo "1106"]
[BlackElo "1220"]
[PlyCount "80"]
[EventDate "2018.11.18"]

1. e4 d5 2. exd5 Qxd5 3. Nc3 Qd6 4. d4 Nf6 5. Be3 Bg4 6. Be2 Bxe2 7. Ngxe2 e6
8. Qd3 c6 9. Rd1 Be7 10. Bf4 Qd7 11. Ne4 Na6 12. a3 Rd8 13. b4 Nxe4 14. Qxe4 c5
15. bxc5 Bxc5 16. Qd3 Be7 17. O-O O-O 18. Qg3 Kh8 19. Rc1 Qa4 20. Rfd1 Qxa3 21.
Rd3 Qa4 22. h3 Rc8 23. c3 Qc4 24. Rd2 Rfd8 25. Be5 f6 26. Bf4 Nc5 27. Rb2 Nd3
28. Rxb7 Nxc1 29. Nxc1 Bf8 30. Rb3 e5 31. Be3 exd4 32. cxd4 Bd6 33. f4 Rc7 34.
Qf2 a5 35. Qb2 a4 36. Rb6 h6 37. Kh1 Qf1+ 38. Kh2 Bxf4+ 39. Bxf4 Qxf4+ 40. g3
Qxc1 0-1

[Event "Ïåðâåíñòâî Ìîñêâû ïî øàõìàòàì"]
[Site "Ìîñêâà, ÌÃÈÌÎ ïð. Âåðíàäñêîãî,"]
[Date "2018.11.19"]
[Round "3.1"]
[White "Zverev, Lev"]
[Black "Nevskyi, Mikhail"]
[Result "1-0"]
[WhiteElo "1723"]
[BlackElo "1528"]
[PlyCount "73"]
[EventDate "2018.11.18"]

1. e4 e5 2. Nf3 d5 3. exd5 e4 4. Nd4 Qxd5 5. Nb3 Nf6 6. Nc3 Qe5 7. Be2 Bd6 8.
Nb5 a6 9. Nxd6+ cxd6 10. O-O O-O 11. d4 exd3 12. Bxd3 Ng4 13. f4 Qh5 14. h3 Nf6
15. Qxh5 Nxh5 16. Be3 Nc6 17. Rfd1 Be6 18. f5 Bxb3 19. axb3 Rfe8 20. Re1 d5 21.
c3 Nf6 22. Bf4 Rxe1+ 23. Rxe1 Rd8 24. Bd2 h6 25. g4 Nd7 26. Bf4 Nc5 27. Bc2 d4
28. b4 Nd7 29. Be4 Nf6 30. Bxc6 bxc6 31. Rd1 d3 32. Kg2 Kf8 33. Kf3 Ke7 34. Be5
g6 35. Bd4 gxf5 36. Re1+ Kf8 37. Bxf6 1-0

[Event "Ïåðâåíñòâî Ìîñêâû ïî øàõìàòàì"]
[Site "Ìîñêâà, ÌÃÈÌÎ ïð. Âåðíàäñêîãî,"]
[Date "2018.11.19"]
[Round "3.2"]
[White "Filippov, Andrey"]
[Black "Averin, Nikolay"]
[Result "0-1"]
[WhiteElo "1415"]
[BlackElo "1557"]
[PlyCount "76"]
[EventDate "2018.11.18"]

1. e4 Nf6 2. e5 Nd5 3. Bc4 Nb6 4. Bb3 Nc6 5. d4 d6 6. Qf3 e6 7. Qe4 dxe5 8.
dxe5 Bc5 9. Ne2 O-O 10. O-O Qe7 11. Nd2 Bd7 12. Nf3 h6 13. c3 f5 14. Qf4 Qf7
15. Qg3 Kh7 16. Qh4 Kg8 17. Qg3 Kh8 18. Nf4 Kh7 19. Nh3 Qg6 20. Qxg6+ Kxg6 21.
Nf4+ Kf7 22. Rd1 Rfe8 23. Be3 Bxe3 24. fxe3 Rad8 25. Nd4 Bc8 26. Rf1 Nxe5 27.
Nfxe6 Bxe6 28. Rxf5+ Kg6 29. Bxe6 Nbd7 30. Raf1 c5 31. Bxd7 Rxd7 32. Nb3 b6 33.
e4 Nc4 34. R1f4 Ne3 35. Rf8 Rxf8 36. Rxf8 Rd1+ 37. Kf2 Rf1+ 38. Kxe3 Rxf8 0-1

[Event "Ïåðâåíñòâî Ìîñêâû ïî øàõìàòàì"]
[Site "Ìîñêâà, ÌÃÈÌÎ ïð. Âåðíàäñêîãî,"]
[Date "2018.11.19"]
[Round "3.3"]
[White "Maslovskyi, Vladimir"]
[Black "Akhmedov, David"]
[Result "1-0"]
[WhiteElo "1231"]
[BlackElo "1561"]
[PlyCount "75"]
[EventDate "2018.11.18"]

1. e4 c5 2. Nc3 Nc6 3. g3 g6 4. Bg2 Bg7 5. d3 e6 6. f4 Nge7 7. Nf3 d6 8. Be3
Nd4 9. O-O O-O 10. Rb1 Nec6 11. Ne2 Nxe2+ 12. Qxe2 Re8 13. c3 Rb8 14. Qf2 b6
15. d4 Ba6 16. Rfd1 Qc7 17. dxc5 bxc5 18. Rbc1 Rbc8 19. Rd2 Ne7 20. Rcd1 d5 21.
e5 Nf5 22. Bh3 Nxe3 23. Qxe3 Red8 24. Bg2 Rd7 25. Bf1 Bxf1 26. Kxf1 Qb6 27. Kg2
Bf8 28. h4 Rcd8 29. Qe2 Qa5 30. a3 Rb7 31. Rh1 Rdb8 32. h5 Rb3 33. hxg6 hxg6
34. Ng5 Qb6 35. Kf3 Bg7 36. Rh7 Qb7 37. Qh2 d4+ 38. Kg4 1-0

[Event "Ïåðâåíñòâî Ìîñêâû ïî øàõìàòàì"]
[Site "Ìîñêâà, ÌÃÈÌÎ ïð. Âåðíàäñêîãî,"]
[Date "2018.11.19"]
[Round "3.4"]
[White "Tunik, Denis"]
[Black "Zherdev, Radomir"]
[Result "1/2-1/2"]
[WhiteElo "1673"]
[BlackElo "1293"]
[PlyCount "99"]
[EventDate "2018.11.18"]

1. d4 Nf6 2. c4 g6 3. Nc3 Bg7 4. e4 d6 5. Be2 O-O 6. Nf3 Nbd7 7. O-O e5 8. d5
Nc5 9. Qc2 a5 10. Bg5 h6 11. Be3 Nfd7 12. Nd2 f5 13. f4 exf4 14. Bxf4 Bd4+ 15.
Kh1 g5 16. Bg3 f4 17. Bf2 Bxf2 18. Rxf2 Ne5 19. Raf1 Qf6 20. Nb5 Qe7 21. Nd4
Bg4 22. N2f3 Bxf3 23. gxf3 Ng6 24. Nf5 Qh7 25. Rg1 Ne7 26. Nd4 Qg7 27. Nb5 Ng6
28. Qc3 Ne5 29. Nd4 Ng6 30. Nf5 Qxc3 31. bxc3 Kh7 32. Rfg2 Rxf5 33. exf5 Nh4
34. Rf2 Nxf5 35. Bd1 Ne3 36. Bc2+ Kg7 37. Re1 Kf6 38. Rd2 Nxc4 39. Rd4 Ne5 40.
Kg2 h5 41. h4 Rg8 42. Kf2 Re8 43. Rg1 g4 44. Rxf4+ Ke7 45. Re1 Kd8 46. Re3 gxf3
47. Rfxf3 Ng4+ 48. Ke2 Nxe3 49. Rxe3 Rxe3+ 50. Kxe3 1/2-1/2

[Event "Ïåðâåíñòâî Ìîñêâû ïî øàõìàòàì"]
[Site "Ìîñêâà, ÌÃÈÌÎ ïð. Âåðíàäñêîãî,"]
[Date "2018.11.19"]
[Round "3.5"]
[White "Silenko, Alexei"]
[Black "Uskov, Artyom"]
[Result "0-1"]
[WhiteElo "1347"]
[BlackElo "1366"]
[PlyCount "68"]
[EventDate "2018.11.18"]

1. e4 c5 2. d3 e6 3. Nd2 d5 4. Ngf3 Nc6 5. g3 Be7 6. Bg2 Nf6 7. O-O O-O 8. Re1
Re8 9. Nf1 b6 10. e5 Nd7 11. h4 Bb7 12. Bf4 Nf8 13. h5 f6 14. h6 g6 15. Bh3 Bc8
16. N1h2 g5 17. Bc1 Nxe5 18. Nxe5 fxe5 19. Rxe5 Bf6 20. Re1 e5 21. Bg2 Rb8 22.
Ng4 Bxg4 23. Qxg4 Ng6 24. c4 d4 25. Be4 Rf8 26. Qh5 Nh8 27. f4 gxf4 28. gxf4
Ng6 29. Bxg6 hxg6 30. Qxg6+ Kh8 31. Qh5 Qe8 32. Qf5 Qc6 33. fxe5 Rg8+ 34. Kf2
Qg2# 0-1

[Event "Ïåðâåíñòâî Ìîñêâû ïî øàõìàòàì"]
[Site "Ìîñêâà, ÌÃÈÌÎ ïð. Âåðíàäñêîãî,"]
[Date "2018.11.19"]
[Round "3.6"]
[White "Ivannikov, Maxim"]
[Black "Dianin, Georgyi"]
[Result "1-0"]
[WhiteElo "1291"]
[BlackElo "1060"]
[PlyCount "51"]
[EventDate "2018.11.18"]

1. e4 e6 2. d4 d5 3. Nd2 Nf6 4. e5 Nfd7 5. Bd3 c5 6. c3 Nc6 7. Ne2 Qb6 8. Nf3
cxd4 9. cxd4 Bb4+ 10. Bd2 h6 11. a3 Bxd2+ 12. Qxd2 Na5 13. Qc3 O-O 14. O-O Nc6
15. Nf4 Qc7 16. b4 a6 17. a4 Qb6 18. Rfb1 a5 19. bxa5 Qxa5 20. Qa3 b6 21. Rb5
Qa7 22. Qd6 Na5 23. Rc1 Nb7 24. Qe7 Na5 25. Nxe6 Nxe5 26. Qxf8# 1-0

[Event "Ïåðâåíñòâî Ìîñêâû ïî øàõìàòàì"]
[Site "Ìîñêâà, ÌÃÈÌÎ ïð. Âåðíàäñêîãî,"]
[Date "2018.11.19"]
[Round "3.7"]
[White "Rusakov, Makar"]
[Black "Parpiev, Isaak"]
[Result "0-1"]
[WhiteElo "1156"]
[BlackElo "1314"]
[PlyCount "62"]
[EventDate "2018.11.18"]

1. d4 Nf6 2. c4 g6 3. Nc3 Bg7 4. e4 d6 5. f3 O-O 6. Be3 Nbd7 7. Nge2 b6 8. Qd2
c5 9. d5 Ne5 10. b3 e6 11. O-O-O Re8 12. dxe6 Rxe6 13. Nf4 Re7 14. Nfd5 Nxd5
15. Qxd5 Be6 16. Qd2 Rd7 17. h3 a6 18. f4 Nc6 19. g4 Nb4 20. a3 Bxc3 21. Qe2 f6
22. axb4 Bxb4 23. f5 Bf7 24. Bg2 Rda7 25. h4 b5 26. h5 g5 27. Rhf1 bxc4 28.
bxc4 a5 29. Kc2 a4 30. Kd3 Qb6 31. Bxg5 Bxc4+ 0-1

[Event "Ïåðâåíñòâî Ìîñêâû ïî øàõìàòàì"]
[Site "Ìîñêâà, ÌÃÈÌÎ ïð. Âåðíàäñêîãî,"]
[Date "2018.11.19"]
[Round "3.8"]
[White "Averkiev, Andrey"]
[Black "Nikitin, Stepan"]
[Result "1-0"]
[WhiteElo "1440"]
[BlackElo "1190"]
[PlyCount "75"]
[EventDate "2018.11.18"]

1. d4 Nf6 2. c4 c5 3. d5 e6 4. Nc3 exd5 5. cxd5 d6 6. e4 g6 7. f3 Bg7 8. Be3
O-O 9. Qd2 a6 10. g4 b5 11. h4 b4 12. Nce2 Qe7 13. Ng3 Bb7 14. h5 Re8 15. Qh2
Bxd5 16. hxg6 fxg6 17. g5 Nxe4 18. Qxh7+ Kf7 19. Nf5 gxf5 20. Qxf5+ Nf6 21.
gxf6 Qxe3+ 22. Ne2 Qxf3 23. Qh5+ Qxh5 24. Rxh5 Bxf6 25. Rxd5 Bxb2 26. Rb1 Bc3+
27. Kf2 Rf8 28. Nxc3 Ke6+ 29. Ke1 bxc3 30. Bc4 c2 31. Rd2+ Kd7 32. Rxc2 Re8+
33. Kd1 Rf8 34. Rb7+ Kc6 35. Rcb2 Nd7 36. Be6 Rfd8 37. Bxd7+ Rxd7 38. R2b6+ 1-0

[Event "Ïåðâåíñòâî Ìîñêâû ïî øàõìàòàì"]
[Site "Ìîñêâà, ÌÃÈÌÎ ïð. Âåðíàäñêîãî,"]
[Date "2018.11.19"]
[Round "3.9"]
[White "Bachaliashvili, Eduard"]
[Black "Usov, Alexandr"]
[Result "0-1"]
[WhiteElo "1253"]
[BlackElo "1640"]
[PlyCount "100"]
[EventDate "2018.11.18"]

1. e4 c6 2. d4 d5 3. exd5 cxd5 4. Bd3 Nc6 5. c3 Nf6 6. Nf3 g6 7. O-O Bf5 8. Bc2
Bg7 9. Bf4 O-O 10. Nbd2 Rc8 11. Bxf5 gxf5 12. Ne5 e6 13. Re1 Nxe5 14. Bxe5 Ne4
15. Bxg7 Kxg7 16. Nxe4 fxe4 17. Qg4+ Kh8 18. Qf4 Qe7 19. Re3 Rg8 20. Rg3 Rxg3
21. Qxg3 Rg8 22. Qf4 Qg5 23. Qxg5 Rxg5 24. Rd1 f5 25. Re1 h5 26. Kf1 b5 27. Re2
Rg7 28. a3 a5 29. Rc2 Rc7 30. Ke2 Kg8 31. Ke3 Kf7 32. Kf4 Kf6 33. Rc1 b4 34.
axb4 axb4 35. Rc2 bxc3 36. bxc3 h4 37. Rc1 Rc8 38. Rc2 Rg8 39. g3 hxg3 40. fxg3
Rh8 41. Rf2 Rb8 42. Re2 Rb1 43. g4 Rf1+ 44. Kg3 f4+ 45. Kg2 Rc1 46. Rf2 Kg5 47.
Rb2 Rxc3 48. Rb8 Rc2+ 49. Kf1 Kxg4 50. Rb3 f3 0-1

[Event "Ïåðâåíñòâî Ìîñêâû ïî øàõìàòàì"]
[Site "Ìîñêâà, ÌÃÈÌÎ ïð. Âåðíàäñêîãî,"]
[Date "2018.11.19"]
[Round "3.10"]
[White "Klypovka, Stepan"]
[Black "Yonal, Timur"]
[Result "0-1"]
[WhiteElo "1220"]
[BlackElo "1524"]
[PlyCount "180"]
[EventDate "2018.11.18"]

1. d4 d5 2. Bg5 g6 3. e3 Bg7 4. Nf3 Nf6 5. Bd3 c5 6. c3 Qc7 7. Nbd2 Nc6 8. O-O
O-O 9. Bf4 Qb6 10. Qc1 Nd7 11. Rb1 e5 12. dxe5 Ndxe5 13. Nxe5 Nxe5 14. Bxe5
Bxe5 15. Nf3 Bg7 16. Rd1 Bg4 17. Be2 Rad8 18. h3 Bf5 19. Bd3 Be4 20. Ne1 Rfe8
21. Qc2 Bxd3 22. Rxd3 d4 23. exd4 cxd4 24. cxd4 Rxd4 25. Rb3 Rb4 26. Rxb4 Qxb4
27. Nd3 Qb5 28. a4 Qf5 29. Rd1 Rd8 30. b3 Bd4 31. Qe2 Bg7 32. Nb4 Rxd1+ 33.
Qxd1 Qc5 34. Qd8+ Qf8 35. Qxf8+ Kxf8 36. Kf1 Ke7 37. Ke2 Kd6 38. Kd3 Kc5 39.
Nc2 f5 40. Ne3 a6 41. f3 Kb4 42. Kc2 Bd4 43. Nd5+ Kc5 44. Nf4 Kd6 45. Kd3 Be5
46. Ne2 Kc5 47. f4 Bf6 48. g4 fxg4 49. hxg4 Kd5 50. Ng3 Bh4 51. Ne2 h5 52. gxh5
gxh5 53. Nc3+ Ke6 54. Ke4 Bf6 55. Nd5 h4 56. f5+ Kf7 57. Nf4 Bg5 58. Nh3 Bf6
59. Kf4 Kg7 60. Nf2 Kf7 61. Ne4 b6 62. Nf2 Bd4 63. Nh3 Bf6 64. Ke4 Ke7 65. Kd5
Bc3 66. Ke4 Kf7 67. Kd5 Kf6 68. Ke4 Bd2 69. Kd3 Bh6 70. Ke4 Bc1 71. Kf3 Kxf5
72. Nf2 Bg5 73. Ng4 Bf4 74. Nf2 Bg3 75. Nh3 Ke5 76. Ke3 a5 77. Ng1 Kf5 78. Kf3
Bb8 79. Nh3 Bh2 80. Nf2 Bg1 81. Nh3 Bc5 82. Nf4 Ke5 83. Ne2 Kd5 84. Kf4 Bd4 85.
Kf3 Be5 86. Kg4 Kc5 87. Kxh4 Kb4 88. Kg4 Kxb3 89. Kf5 Bh8 90. Ke4 Kxa4 0-1